A Verdade da Historia (Record no. 4183)
[ view plain ]
| 000 -LEADER | |
|---|---|
| fixed length control field | 00386nam a22001457a 4500 |
| 008 - FIXED-LENGTH DATA ELEMENTS--GENERAL INFORMATION | |
| fixed length control field | 250708b |||||||| |||| 00| 0 eng d |
| 020 ## - INTERNATIONAL STANDARD BOOK NUMBER | |
| ISBN | 9789892069296 |
| 100 ## - MAIN ENTRY--AUTHOR | |
| Author | Neves, Delfim |
| 245 ## - TITLE STATEMENT | |
| Title | A Verdade da Historia |
| 260 ## - PUBLICATION, DISTRIBUTION, ETC. (IMPRINT) | |
| Place of publication | South Africa |
| Name of publisher | VARZEN DA RAINHA IMPERSSORE |
| Date of publication | 2016 |
| 300 ## - COLLATION | |
| Pagination | 442p. |
| 650 ## - TRACINGS | |
| Main Subject | Justice Administrative |
| 942 ## - ADDED ENTRY ELEMENTS (KOHA) | |
| Item type | Books |
| 050 ## - LIBRARY OF CONGRESS CALL NUMBER | |
| Classification number | JQ 3685 |
| Item number | .A58.N48 |
No items available.